Mathematical modelling in geographical information system, global positioning system and digital cartography (Record no. 396858)

MARC details
000 -LEADER
fixed length control field 00681 a2200229 4500
005 - DATE & TIME
control field 20260417141016.0
008 - FIXED-LENGTH DATA ELEMENTS--GENERAL INFORMATION
fixed length control field 260417b |||||||| |||| 00| 0 eng d
020 ## - ISBN
International Standard Book Number 8180693422
Price Rs. 1500.00
040 ## - CATALOGING SOURCE
Original cataloging agency VIVEKANANDA LIBRARY
082 ## - DDC NUMBER
Classification number 910.285
Book Number S23M
100 ## - MAIN ENTRY--PERSONAL NAME
Personal name Sharma, H S, ed.
245 ## - TITLE STATEMENT
Title Mathematical modelling in geographical information system, global positioning system and digital cartography
260 ## - PUBLICATION, DISTRIBUTION, ETC. (IMPRINT)
Name of publisher, distributor, etc Concept Publishing Company
Place of publication, distribution, etc New Delhi
Date of publication, distribution, etc 2006
300 ## - PHYSICAL DESCRIPTION
Pages ix, 424
650 ## - Subject
Subject Geography
650 ## - Subject
Subject Geography Information System
650 ## - Subject
Subject Digital Mapping
700 ## - Added Entry Personal Name
Added Entry Personal Name Ram
700 ## - Added Entry Personal Name
Added Entry Personal Name Prasad, Rama, ed.
700 ## - Added Entry Personal Name
Added Entry Personal Name Binda, P R, ed.
942 ## - ADDED ENTRY ELEMENTS (KOHA)
Koha item type Books
Holdings
Withdrawn status Lost status Source of classification or shelving scheme Damaged status Not for loan Location (home branch) Sublocation or collection (holding branch) Shelving location Date acquired Koha issues (times borrowed) Koha full call number Accession No. Koha date last seen Copy number Koha item type
    Dewey Decimal Classification     VIVEKANANDA LIBRARY VIVEKANANDA LIBRARY Vivekananda Library 24/03/2026   910.285 S23M 438847 24/03/2026 438847 Books
© Designed and Maintained by Vivekananda Library, MDU Rohtak